000
00251nam a2200109Ia 4500
008
220204s9999 xx 000 0 und d
082
_a
577.1(035)
_b
LON
100
_a
Long, C
245
0
_a
Biochemist's handbook
260
_a
London
_b
E F N
942
_c
BK
999
_c
32846
_d
32846